The war and mental health in England / (Record no. 1291)
[ view plain ]
| 000 -LEADER | |
|---|---|
| fixed length control field | 00986cam a22002891 4500 |
| 001 - CONTROL NUMBER | |
| control field | 1291 |
| 003 - CONTROL NUMBER IDENTIFIER | |
| rucl marc code | BD-RjUL |
| 005 - DATE AND TIME OF LATEST TRANSACTION | |
| control field | 20211208233317.0 |
| 008 - FIXED-LENGTH DATA ELEMENTS--GENERAL INFORMATION | |
| fixed length control field | 131125s1944 xx 000 0 eng |
| 035 ## - SYSTEM CONTROL NUMBER | |
| System control number | (BD-RjUL)1313 |
| System control number | (OCoLC)14725599 |
| 040 ## - CATALOGING SOURCE | |
| Original cataloging agency | DLC |
| Transcribing agency | DNLM |
| Modifying agency | OHirC |
| -- | OClW-H |
| -- | OCoLC |
| -- | DLC |
| -- | BD-RjUL |
| Language of cataloging | eng |
| 041 ## - LANGUAGE CODE | |
| Language code of text/sound track or separate title | eng |
| 060 0# - NATIONAL LIBRARY OF MEDICINE CALL NUMBER | |
| Classification number | WM 75 |
| Item number | M158w 1944 |
| 082 ## - DEWEY DECIMAL CLASSIFICATION NUMBER | |
| Classification number | 131.32 |
| Edition number | 21 |
| Author mark and year | MAW 1944 |
| 100 1# - MAIN ENTRY--PERSONAL NAME | |
| Personal name | Mackintosh, James M. |
| Fuller form of name | (James Macalister), |
| Dates associated with a name | 1891-1966. |
| 9 (RLIN) | 3813 |
| 245 14 - TITLE STATEMENT | |
| Title | The war and mental health in England / |
| Statement of responsibility, etc. | James M Mackintosh |
| 260 ## - PUBLICATION, DISTRIBUTION, ETC. (IMPRINT) | |
| Place of publication, distribution, etc. | New York : |
| Name of publisher, distributor, etc. | Commonwealth Fund , |
| Date of publication, distribution, etc. | 1944. |
| 300 ## - PHYSICAL DESCRIPTION | |
| Pagination | 91 p. ; |
| Size | 22 cm. |
| 650 #0 - SUBJECT ADDED ENTRY--TOPICAL TERM | |
| Topical term or geographic name as entry element | Mental health. |
| 9 (RLIN) | 3814 |
| Topical term or geographic name as entry element | Public health |
| Geographic subdivision | Great Britain. |
| 9 (RLIN) | 3815 |
| Topical term or geographic name as entry element | World War, 1939-1945 |
| General subdivision | Health aspects |
| Geographic subdivision | Great Britain. |
| 9 (RLIN) | 3816 |
| 856 ## - ELECTRONIC LOCATION AND ACCESS | |
| Uniform Resource Identifier | <a href="http://www.worldcat.org/title/war-and-mental-health-in-england/oclc/14725599&referer=brief_results">http://www.worldcat.org/title/war-and-mental-health-in-england/oclc/14725599&referer=brief_results</a> |
| 942 ## - ADDED ENTRY ELEMENTS (KOHA) | |
| Source of classification or shelving scheme | Dewey Decimal Classification |
| Koha item type | Books |
| Lost status | Source of classification or shelving scheme | Damaged status | Not for loan | Collection code | Permanent Location | Current Location | Shelving location | Date acquired | Source of acquisition | Cost, normal purchase price | Total Checkouts | Full call number | Date last seen | Copy number | Koha item type |
|---|---|---|---|---|---|---|---|---|---|---|---|---|---|---|---|
| Dewey Decimal Classification | Not For Loan | Non-fiction | Central Library, University of Rajshahi | Central Library, University of Rajshahi | 20/05/1956 | Pxof zaidi | 3.00 | 131.32 MAW 1944 | 25/11/2013 | C-1 | Books |